00695cam a2200205 a 4500001000800000005001700008008004100025040002300066082002300089100002100112245006400133250000900197260008700206300001900293490005700312500007800369650001000447650001900457650001300476212150520240304020556.0960815s1995 ii b 000 0 eng  aDLCcDLCdDLCdWaU00a323.334.221bVEE.1 aPoonacha, Veena.10aGender within the human rights discourse /cVeena Poonacha. a1st. aBombay :bResearch Centre for Women's Studies, S.N.D.T. Women's University,c1995. aviii, 184 p. ;1 aRCWS gender series. Gender and law [i.e. politics] ; aSeries statement on cover: RCWS gender series. Gender & politics ; bk. 1. 0aWomen 0aWomen's rights 0aFeminism